000
00278nam a2200121Ia 4500
008
220120s9999||||xx |||||||||||||| ||und||
020
_a
9781423101482
082
_a
003 SHA
100
_a
Sharma, S.D
245
0
_a
Operations research
260
_b
New York
300
_a
312p.
_b
0
999
_c
136451
_d
136451